01424nam a2200349 i 4500003000900000005001700009008004100026040004300067041000800110082002300118092000700141099003700148100004300185245005200228250002500280264002800305300002400333336002400357337002800381338004300409490002800452504005100480546002400531650003800555651001000593856005700603905001600660942001900676999001700695952018100712952018100893EG-GICUC20260121101430.0251204s1979    fr ||||fr|||||||1 | fre d  aEG-GiCUCbfrecEG-GiCUCdEG-GiCUCeRda  afre04221a341.1bRO . D 04221  aLaw1 11 341.1	RO . D 9 ed - 19791 aRousseau, Charles,d1902-1993,eAuteur10aDroit international public /cCharles Rousseau.  aNeuvième édition 1aParis :bDalloz,c1979.  a422 pages ;c18 cm.  2rda contenua texte  2rda  mediasaOrdinateur  2 transporteur rdaa Ressource en ligne0 3Précis Dalloz. Droit.  aIncludes bibliographical references and index.  aTexte en français14aDroit international public2qrmak1 2qrmak40uhttps://fll.law.cu.edu.eg/fulltext/bks/B11-05594.pdf  a75eHassnaa  2ddcn0cBKe21  c48417d48417  00102ddc40718القانون الدولي العامaCUbLAW1d2025-12-04l0oLaw1 11 341.1	RO . D 9 ed - 1979 1105594	C1pB11-05594r2025-12-04 19:48:17t1w2025-12-04yBK  00102ddc40708القانون الدولي العامaCUbLAW1d2025-12-04l0oLaw1 11 341.1	RO . D 9 ed - 1979 1105604	C2pB11-05604r2025-12-04 20:01:22t2w2025-12-04yBK